[Event "Muensterland Verbandsklasse 2526"]
[Site "Germany"]
[Date "2025.09.13"]
[Round "1"]
[Board "2"]
[White "Kecker, Lars"]
[Black "Reinhold, Klaus"]
[Result "1-0"]
[WhiteElo "1866"]
[BlackElo "1773"]
[WhiteFideId "-1"]
[BlackFideId "-1"]
[PlyCount "67"]
[GameId "2224469302094371"]
[EventDate "2025.??.??"]
[EventType "team-tourn"]
[EventRounds "9"]
[EventCountry "GER"]
[SourceTitle "Verband Muensterland"]
[SourceDate "2026.01.17"]
[SourceVersion "1"]
[SourceVersionDate "2026.01.17"]
[SourceQuality "1"]
[WhiteTeam "Greven"]
[BlackTeam "Gronau II"]
[WhiteTeamCountry "GER"]
[BlackTeamCountry "GER"]

1. d4 d5 2. Bf4 Nf6 3. e3 c5 4. Nf3 Nc6 5. c3 Qb6 6. Na3 a6 7. Qb3 Qa5 8. Be2 c4 9. Qc2 g6 10. O-O Bf5 11. Qc1 Nh5 12. Bg5 h6 13. Bh4 Bg7 14. Nd2 Nf6 15. Bxf6 Bxf6 16. e4 dxe4 17. Naxc4 Qc7 18. Ne3 h5 19. f3 exf3 20. Nd5 Qd6 21. Nxf6+ Qxf6 22. Bxf3 Qd6 23. Nb3 Rc8 24. Qe3 b6 25. Rae1 Rc7 26. Rf2 Kf8 27. d5 Nb8 28. Nd4 Bc8 29. Be4 Kg7 30. Qg5 h4 31. Ref1 f5 32. Rxf5 Rh5 33. Rf7+ Kg8 34. Rf8+ 1-0

[Event "Muensterland Verbandsklasse 2526"]
[Site "Germany"]
[Date "2025.09.13"]
[Round "1"]
[Board "3"]
[White "Binger, Friedhelm"]
[Black "Volk, Hans Ludwig"]
[Result "0-1"]
[WhiteElo "1688"]
[BlackElo "1756"]
[WhiteFideId "-1"]
[BlackFideId "-1"]
[PlyCount "82"]
[GameId "2224469302094373"]
[EventDate "2025.??.??"]
[EventType "team-tourn"]
[EventRounds "9"]
[EventCountry "GER"]
[SourceTitle "Verband Muensterland"]
[SourceDate "2026.01.17"]
[SourceVersion "1"]
[SourceVersionDate "2026.01.17"]
[SourceQuality "1"]
[WhiteTeam "Gronau II"]
[BlackTeam "Greven"]
[WhiteTeamCountry "GER"]
[BlackTeamCountry "GER"]

1. e4 d6 2. d4 Nf6 3. Nc3 c6 4. Nf3 g6 5. Be2 Bg7 6. O-O O-O 7. h3 Qc7 8. Be3 Nbd7 9. Qd2 Re8 10. Rad1 e5 11. dxe5 dxe5 12. Qd6 Qxd6 13. Rxd6 Bf8 14. Rdd1 Kg7 15. a3 Nc5 16. Nd2 Ne6 17. g4 g5 18. Nf3 Nf4 19. Bxf4 gxf4 20. Nh4 Bc5 21. Kg2 Bd4 22. f3 Be6 23. Nf5+ Bxf5 24. exf5 Bxc3 25. bxc3 Nd5 26. Rd3 e4 27. fxe4 Rxe4 28. Kf3 Rae8 29. Bd1 Re3+ 30. Kg2 Rxd3 31. cxd3 Ne3+ 32. Kf2 Nxf1 33. Kxf1 Re3 34. Be2 Rxh3 35. Kg2 Re3 36. Kf2 Kf6 37. a4 Kg5 38. c4 Rxe2+ 39. Kxe2 Kxg4 40. d4 Kxf5 41. Kf3 h5 0-1

[Event "Muensterland Verbandsklasse 2526"]
[Site "Germany"]
[Date "2025.09.13"]
[Round "1"]
[Board "4"]
[White "Toews, Andreas"]
[Black "Schoewer Lingemann, Thorsten"]
[Result "1/2-1/2"]
[WhiteElo "1675"]
[BlackElo "1729"]
[WhiteFideId "-1"]
[BlackFideId "-1"]
[PlyCount "76"]
[GameId "2224469302094375"]
[EventDate "2025.??.??"]
[EventType "team-tourn"]
[EventRounds "9"]
[EventCountry "GER"]
[SourceTitle "Verband Muensterland"]
[SourceDate "2026.01.17"]
[SourceVersion "1"]
[SourceVersionDate "2026.01.17"]
[SourceQuality "1"]
[WhiteTeam "Greven"]
[BlackTeam "Gronau II"]
[WhiteTeamCountry "GER"]
[BlackTeamCountry "GER"]

1. d4 Nf6 2. Nf3 g6 3. c4 Bg7 4. Nc3 O-O 5. e3 d6 6. Be2 Bf5 7. O-O Nc6 8. Nh4 Bd7 9. a3 e5 10. d5 Ne7 11. e4 Ne8 12. Nf3 h6 13. Be3 f5 14. Bd3 f4 15. Bd2 g5 16. h3 Ng6 17. Be2 Nf6 18. Nh2 Nh4 19. Ng4 Nxg4 20. hxg4 Qf6 21. f3 h5 22. Be1 hxg4 23. Bxh4 gxh4 24. fxg4 a6 25. b4 b6 26. Bf3 Qh6 27. Kh2 Kf7 28. Rh1 Rg8 29. Qe2 Bf6 30. Nd1 a5 31. b5 Rg7 32. Nf2 Rag8 33. Kh3 Ke7 34. a4 Qh7 35. Rae1 Rg6 36. Qd1 R8g7 37. Rhf1 Qg8 38. Rg1 Bg5 1/2-1/2

[Event "Muensterland Verbandsklasse 2526"]
[Site "Germany"]
[Date "2025.09.13"]
[Round "1"]
[Board "5"]
[White "Naber, Wolfgang"]
[Black "Soppe, Peter"]
[Result "1/2-1/2"]
[WhiteElo "1666"]
[BlackElo "1547"]
[WhiteFideId "-1"]
[BlackFideId "-1"]
[PlyCount "99"]
[GameId "2224469302094377"]
[EventDate "2025.??.??"]
[EventType "team-tourn"]
[EventRounds "9"]
[EventCountry "GER"]
[SourceTitle "Verband Muensterland"]
[SourceDate "2026.01.17"]
[SourceVersion "1"]
[SourceVersionDate "2026.01.17"]
[SourceQuality "1"]
[WhiteTeam "Gronau II"]
[BlackTeam "Greven"]
[WhiteTeamCountry "GER"]
[BlackTeamCountry "GER"]

1. Nf3 c5 2. c4 Nc6 3. d4 e6 4. d5 exd5 5. cxd5 Nb4 6. a3 Na6 7. e4 d6 8. Nc3 g6 9. Bg5 f6 10. Be3 Bh6 11. Bxh6 Nxh6 12. Qd2 Nf7 13. Bd3 O-O 14. O-O Ne5 15. Nxe5 fxe5 16. Kh1 Bd7 17. f4 Qe7 18. f5 gxf5 19. exf5 Rf6 20. Rf3 Raf8 21. g4 h6 22. Rg1 Rg6 23. Qf2 Qf7 24. Be4 Rg5 25. h4 Rg7 26. Kh2 Nc7 27. Qd2 Qf6 28. g5 hxg5 29. Rxg5 Rff7 30. Rfg3 Kf8 31. Qg2 Qh6 32. Qh3 Rxg5 33. Rxg5 Rh7 34. Kg3 Ne8 35. Rg6 Qf4+ 36. Kg2 Rxh4 37. Qg3 Qxg3+ 38. Kxg3 Rf4 39. Rg4 Nf6 40. Rxf4 Nh5+ 41. Kg4 Nxf4 42. Kg5 Kf7 43. Nd1 Ba4 44. Nc3 Bd7 45. Nd1 a6 46. Ne3 b5 47. Ng4 Nh3+ 48. Kh4 Nf4 49. Kg5 Nh3+ 50. Kh4 1/2-1/2

[Event "Muensterland Verbandsklasse 2526"]
[Site "Germany"]
[Date "2025.09.13"]
[Round "1"]
[Board "6"]
[White "Kuestermann, Dieter"]
[Black "Schlueter, Gerhard"]
[Result "1-0"]
[WhiteElo "1580"]
[BlackElo "1606"]
[WhiteFideId "-1"]
[BlackFideId "-1"]
[PlyCount "65"]
[GameId "2224469302094379"]
[EventDate "2025.??.??"]
[EventType "team-tourn"]
[EventRounds "9"]
[EventCountry "GER"]
[SourceTitle "Verband Muensterland"]
[SourceDate "2026.01.17"]
[SourceVersion "1"]
[SourceVersionDate "2026.01.17"]
[SourceQuality "1"]
[WhiteTeam "Greven"]
[BlackTeam "Gronau II"]
[WhiteTeamCountry "GER"]
[BlackTeamCountry "GER"]

1. e4 e5 2. Nf3 Nc6 3. d4 exd4 4. Nxd4 d6 5. Bc4 Nf6 6. Nc3 Be7 7. O-O O-O 8. a3 h6 9. h3 Bd7 10. Be3 Re8 11. Qd2 Nxd4 12. Bxd4 Bc6 13. Rfe1 Bf8 14. Bd3 g6 15. Re3 Bg7 16. Rae1 Nd7 17. Bxg7 Kxg7 18. Rg3 Nc5 19. Bc4 Ne6 20. f4 Qf6 21. Bxe6 fxe6 22. Rf1 Kh7 23. f5 exf5 24. exf5 g5 25. h4 Rg8 26. Nd5 Qe5 27. Rd3 Bxd5 28. Rxd5 Qg3 29. hxg5 Qxg5 30. Qf2 Raf8 31. Qf3 Rf6 32. Rd4 Rxf5 33. Qxf5+ 1-0

[Event "Muensterland Verbandsklasse 2526"]
[Site "Germany"]
[Date "2025.09.13"]
[Round "1"]
[Board "7"]
[White "Baer, Klaus"]
[Black "Soppe, Victoria"]
[Result "1-0"]
[WhiteElo "1577"]
[BlackElo "1471"]
[WhiteFideId "-1"]
[BlackFideId "-1"]
[PlyCount "55"]
[GameId "2224469302094381"]
[EventDate "2025.??.??"]
[EventType "team-tourn"]
[EventRounds "9"]
[EventCountry "GER"]
[SourceTitle "Verband Muensterland"]
[SourceDate "2026.01.17"]
[SourceVersion "1"]
[SourceVersionDate "2026.01.17"]
[SourceQuality "1"]
[WhiteTeam "Gronau II"]
[BlackTeam "Greven"]
[WhiteTeamCountry "GER"]
[BlackTeamCountry "GER"]

1. Nf3 d5 2. e3 e6 3. c4 Bd6 4. d4 c6 5. Nc3 f5 6. cxd5 exd5 7. Bd3 Nf6 8. O-O O-O 9. Bd2 Be6 10. a3 Ne4 11. Rc1 Nd7 12. Qe2 Ndf6 13. Rfd1 Ng4 14. Be1 Qc7 15. h3 Ngf6 16. Nb5 Qd7 17. Nxd6 Qxd6 18. Bb4 c5 19. dxc5 Qc6 20. Bb5 Qc7 21. c6 Rfd8 22. cxb7 Qxb7 23. Bc6 Qf7 24. Ne5 Qh5 25. Qxh5 Nxh5 26. Bxa8 Rxa8 27. Rc6 Bf7 28. Rdc1 1-0

[Event "Muensterland Verbandsklasse 2526"]
[Site "Germany"]
[Date "2025.09.13"]
[Round "1"]
[Board "8"]
[White "Hornemann, Ulrich"]
[Black "Bayer, Wladimir"]
[Result "0-1"]
[WhiteElo "1416"]
[BlackElo "1894"]
[WhiteFideId "-1"]
[BlackFideId "-1"]
[PlyCount "74"]
[GameId "2224469302094383"]
[EventDate "2025.??.??"]
[EventType "team-tourn"]
[EventRounds "9"]
[EventCountry "GER"]
[SourceTitle "Verband Muensterland"]
[SourceDate "2026.01.17"]
[SourceVersion "1"]
[SourceVersionDate "2026.01.17"]
[SourceQuality "1"]
[WhiteTeam "Greven"]
[BlackTeam "Gronau II"]
[WhiteTeamCountry "GER"]
[BlackTeamCountry "GER"]

1. d4 d5 2. c4 e6 3. Nf3 Nf6 4. a3 c5 5. e3 Nc6 6. dxc5 Bxc5 7. b4 Be7 8. cxd5 Nxd5 9. Bb2 Nf6 10. Qc2 a6 11. Bd3 Bd7 12. O-O Rc8 13. Qe2 O-O 14. Nbd2 h6 15. Rac1 Nd5 16. Be4 Bf6 17. Bxf6 Nxf6 18. Bxc6 Bxc6 19. Nd4 Bd5 20. f3 Qd7 21. e4 Bxe4 22. Qe3 Bd5 23. Rfe1 Rfd8 24. Red1 Rxc1 25. Rxc1 Rc8 26. N2b3 Bxb3 27. Nxb3 Nd5 28. Rxc8+ Qxc8 29. Qc5 Qd7 30. h3 b6 31. Qc4 Qa4 32. Qc8+ Kh7 33. Qc2+ g6 34. Qc4 Qxa3 35. Nd4 Qxb4 36. Qd3 Qc3 37. Qe4 Qe3+ 0-1

[Event "Muensterland Verbandsklasse 2526"]
[Site "Germany"]
[Date "2025.09.13"]
[Round "1"]
[Board "1"]
[White "Georg, Felix"]
[Black "Hidding, Yannick"]
[Result "1-0"]
[WhiteElo "2042"]
[BlackElo "1902"]
[WhiteFideId "-1"]
[BlackFideId "-1"]
[PlyCount "39"]
[GameId "2223847610132033"]
[EventDate "2025.??.??"]
[EventType "team-tourn"]
[EventRounds "9"]
[EventCountry "GER"]
[SourceTitle "Verband Muensterland"]
[SourceDate "2026.01.17"]
[SourceVersion "1"]
[SourceVersionDate "2026.01.17"]
[SourceQuality "1"]
[WhiteTeam "Nordkirchen"]
[BlackTeam "Billerbeck"]
[WhiteTeamCountry "GER"]
[BlackTeamCountry "GER"]

1. d4 Nf6 2. c4 e6 3. Bf4 b6 4. a3 Bb7 5. Nc3 Be7 6. d5 d6 7. e4 Nbd7 8. g4 Nc5 9. Qf3 a5 10. g5 Nfd7 11. h4 f6 12. O-O-O Ne5 13. Bxe5 dxe5 14. Nge2 Ba6 15. gxf6 Bxf6 16. dxe6 Nb3+ 17. Kc2 Nd4+ 18. Nxd4 exd4 19. e5 Be7 20. Qf7# 1-0

[Event "Muensterland Verbandsklasse 2526"]
[Site "Germany"]
[Date "2025.09.13"]
[Round "1"]
[Board "2"]
[White "Stegemann, Sven"]
[Black "Husemann, Andreas"]
[Result "0-1"]
[WhiteElo "1807"]
[BlackElo "1858"]
[WhiteFideId "-1"]
[BlackFideId "-1"]
[PlyCount "100"]
[GameId "2223838708453452"]
[EventDate "2025.??.??"]
[EventType "team-tourn"]
[EventRounds "9"]
[EventCountry "GER"]
[SourceTitle "Verband Muensterland"]
[SourceDate "2026.01.17"]
[SourceVersion "1"]
[SourceVersionDate "2026.01.17"]
[SourceQuality "1"]
[WhiteTeam "Billerbeck"]
[BlackTeam "Nordkirchen"]
[WhiteTeamCountry "GER"]
[BlackTeamCountry "GER"]

1. e4 e5 2. Nf3 Nc6 3. Bc4 Bc5 4. c3 Nf6 5. d3 a6 6. a4 d6 7. O-O Ba7 8. Re1 O-O 9. Bg5 h6 10. Bh4 Qe7 11. Nbd2 Be6 12. b4 Nd8 13. d4 g5 14. Bg3 exd4 15. Nxd4 Bg4 16. Nf5 Bxf5 17. exf5 Qd7 18. Qf3 Qc6 19. Qd3 Re8 20. Nf3 Rxe1+ 21. Rxe1 Qxa4 22. h4 g4 23. Nd4 Qd7 24. Bf4 Nc6 25. Bxh6 Ne5 26. Qd2 Nh7 27. Bd5 Qd8 28. Bxb7 Rb8 29. Nc6 Nxc6 30. Bxc6 Qxh4 31. Qf4 Bxf2+ 32. Qxf2 Qxh6 33. Qe2 Qf4 34. Rf1 Qg5 35. Bd5 Rf8 36. Qxa6 Qe3+ 37. Kh2 Qe5+ 38. g3 Qxd5 39. Qe2 Nf6 40. Rf4 Ra8 41. Rxg4+ Nxg4+ 42. Qxg4+ Kf8 43. Qg5 Qe5 44. Kh3 Qh8+ 45. Kg2 Qg7 46. Qe3 Ra2+ 47. Kh3 Qh7+ 48. Kg4 Rh2 49. Qe1 Qg7+ 50. Kf3 Qe5 0-1

[Event "Muensterland Verbandsklasse 2526"]
[Site "Germany"]
[Date "2025.09.13"]
[Round "1"]
[Board "3"]
[White "Grawunder, Juergen"]
[Black "Floeter, Volker"]
[Result "1-0"]
[WhiteElo "1915"]
[BlackElo "1779"]
[WhiteFideId "-1"]
[BlackFideId "-1"]
[PlyCount "69"]
[GameId "2223864501069429"]
[EventDate "2025.??.??"]
[EventType "team-tourn"]
[EventRounds "9"]
[EventCountry "GER"]
[SourceTitle "Verband Muensterland"]
[SourceDate "2026.01.17"]
[SourceVersion "1"]
[SourceVersionDate "2026.01.17"]
[SourceQuality "1"]
[WhiteTeam "Nordkirchen"]
[BlackTeam "Billerbeck"]
[WhiteTeamCountry "GER"]
[BlackTeamCountry "GER"]

1. b4 d5 2. Bb2 Bf5 3. a3 Nd7 4. Nf3 e6 5. e3 h6 6. c4 c6 7. d4 Ngf6 8. Bd3 Bxd3 9. Qxd3 Be7 10. Nbd2 O-O 11. O-O a5 12. c5 b6 13. Bc3 Qc7 14. h3 Qb8 15. Rfb1 Qa7 16. cxb6 Nxb6 17. Ne5 Na4 18. Nxc6 Qc7 19. Nxe7+ Qxe7 20. bxa5 Nxc3 21. Qxc3 Rfc8 22. Qb4 Qc7 23. Nb3 Rab8 24. Rc1 Qxc1+ 25. Nxc1 Rxb4 26. axb4 Ne4 27. Nd3 Nd6 28. Nc5 Kf8 29. a6 Nb5 30. Ra5 Na7 31. b5 e5 32. b6 Nc6 33. Ra4 exd4 34. exd4 Ke7 35. a7 1-0

[Event "Muensterland Verbandsklasse 2526"]
[Site "Germany"]
[Date "2025.09.13"]
[Round "1"]
[Board "4"]
[White "Stalz, Manfred"]
[Black "Steffens, Gerd"]
[Result "1-0"]
[WhiteElo "1704"]
[BlackElo "1721"]
[WhiteFideId "-1"]
[BlackFideId "-1"]
[PlyCount "64"]
[GameId "2223851086005831"]
[EventDate "2025.??.??"]
[EventType "team-tourn"]
[EventRounds "9"]
[EventCountry "GER"]
[SourceTitle "Verband Muensterland"]
[SourceDate "2026.01.17"]
[SourceVersion "1"]
[SourceVersionDate "2026.01.17"]
[SourceQuality "1"]
[WhiteTeam "Billerbeck"]
[BlackTeam "Nordkirchen"]
[WhiteTeamCountry "GER"]
[BlackTeamCountry "GER"]

1. d4 e6 2. Nf3 b6 3. e3 Bb7 4. Bd3 f5 5. c4 Nf6 6. Nc3 Bb4 7. a3 Bxc3+ 8. bxc3 d6 9. Rb1 Nbd7 10. O-O O-O 11. Ne1 Ne4 12. Qc2 g6 13. f3 Ng5 14. Qf2 e5 15. h4 Ne6 16. Bc2 Qf6 17. Ba4 Rf7 18. Nd3 c5 19. d5 Nc7 20. Bd2 Re8 21. e4 Ba6 22. Bg5 Qg7 23. exf5 Rxf5 24. Nb2 Ref8 25. Qd2 Rb8 26. Bc2 Rf7 27. Bd3 b5 28. cxb5 Bxb5 29. c4 Ba6 30. Qa5 Nf6 31. Na4 Rff8 32. Bxf6 Qxf6 1-0

[Event "Muensterland Verbandsklasse 2526"]
[Site "Germany"]
[Date "2025.09.13"]
[Round "1"]
[Board "5"]
[White "Grasse, Herbert"]
[Black "Funk, Alexander"]
[Result "0-1"]
[WhiteElo "1729"]
[BlackElo "1820"]
[WhiteFideId "-1"]
[BlackFideId "-1"]
[PlyCount "92"]
[GameId "2223852946105934"]
[EventDate "2025.??.??"]
[EventType "team-tourn"]
[EventRounds "9"]
[EventCountry "GER"]
[SourceTitle "Verband Muensterland"]
[SourceDate "2026.01.17"]
[SourceVersion "1"]
[SourceVersionDate "2026.01.17"]
[SourceQuality "1"]
[WhiteTeam "Nordkirchen"]
[BlackTeam "Billerbeck"]
[WhiteTeamCountry "GER"]
[BlackTeamCountry "GER"]

1. Nf3 d5 2. g3 Nf6 3. Bg2 Bf5 4. O-O e6 5. d3 h6 6. b3 Nbd7 7. Bb2 Bd6 8. Nbd2 O-O 9. Qe1 Bh7 10. e4 Be7 11. e5 Ne8 12. Qe2 c6 13. h4 Nc7 14. Rfe1 Nb5 15. a4 Nc7 16. Rac1 Na6 17. Nf1 Nb4 18. Ne3 Rb8 19. Nh2 b5 20. Ra1 Qc7 21. f4 Bc5 22. d4 Be7 23. Red1 a5 24. c3 Na6 25. Bf1 Rb7 26. axb5 cxb5 27. Qf2 Nab8 28. f5 Qd8 29. Bh3 Qb6 30. Rf1 Na6 31. h5 Nc7 32. Nhg4 Bg5 33. Bc1 b4 34. f6 gxf6 35. exf6 Ne8 36. Ng2 Nexf6 37. Nxh6+ Bxh6 38. Bxh6 Nxh5 39. Bxf8 Nxf8 40. Rac1 a4 41. cxb4 axb3 42. g4 Ng7 43. Qb2 Qxb4 44. Rf3 Ne8 45. Ra1 Nd6 46. Ra8 Nc4 0-1

[Event "Muensterland Verbandsklasse 2526"]
[Site "Germany"]
[Date "2025.09.13"]
[Round "1"]
[Board "6"]
[White "Korschunow, Dennis"]
[Black "Krabbe, Christian"]
[Result "0-1"]
[WhiteElo "1648"]
[BlackElo "1941"]
[WhiteFideId "-1"]
[BlackFideId "-1"]
[PlyCount "92"]
[GameId "2223861719696987"]
[EventDate "2025.??.??"]
[EventType "team-tourn"]
[EventRounds "9"]
[EventCountry "GER"]
[SourceTitle "Verband Muensterland"]
[SourceDate "2026.01.17"]
[SourceVersion "1"]
[SourceVersionDate "2026.01.17"]
[SourceQuality "1"]
[WhiteTeam "Billerbeck"]
[BlackTeam "Nordkirchen"]
[WhiteTeamCountry "GER"]
[BlackTeamCountry "GER"]

1. d4 d6 2. Nc3 g6 3. e4 Nf6 4. Bf4 c6 5. Qd2 Qa5 6. O-O-O b5 7. f3 a6 8. a3 Nbd7 9. g4 Nb6 10. Kb1 h5 11. g5 Nfd7 12. e5 d5 13. e6 fxe6 14. Bd3 Rg8 15. Re1 e5 16. dxe5 Nc4 17. Bxc4 bxc4 18. e6 Nb6 19. Bc7 Qc5 20. Qf4 Rg7 21. Nh3 Bb7 22. Qe5 Nc8 23. f4 Nd6 24. Na4 Qb5 25. Nb6 Rc8 26. Nxc8 Nxc8 27. Rhf1 Rg8 28. f5 d4 29. Qxd4 Qd5 30. Qe4 gxf5 31. Rd1 fxe4 32. Rxd5 cxd5 33. Rg1 Nd6 34. Nf4 Nb5 35. Bb6 Bg7 36. Nxh5 Bd4 37. Bxd4 Nxd4 38. Nf4 Nf3 39. Rg2 Rxg5 40. Rxg5 Nxg5 41. h4 Nf3 42. h5 d4 43. Kc1 Ng5 44. h6 Kf8 45. Ng6+ Kg8 46. Ne5 Bd5 0-1

[Event "Muensterland Verbandsklasse 2526"]
[Site "Germany"]
[Date "2025.09.13"]
[Round "1"]
[Board "7"]
[White "Droste, Michael"]
[Black "Strumann, Kjartan Bjoern"]
[Result "1/2-1/2"]
[WhiteElo "1536"]
[BlackElo "1767"]
[WhiteFideId "-1"]
[BlackFideId "-1"]
[PlyCount "37"]
[GameId "2223844799956066"]
[EventDate "2025.??.??"]
[EventType "team-tourn"]
[EventRounds "9"]
[EventCountry "GER"]
[SourceTitle "Verband Muensterland"]
[SourceDate "2026.01.17"]
[SourceVersion "1"]
[SourceVersionDate "2026.01.17"]
[SourceQuality "1"]
[WhiteTeam "Nordkirchen"]
[BlackTeam "Billerbeck"]
[WhiteTeamCountry "GER"]
[BlackTeamCountry "GER"]

1. c4 Nf6 2. d4 e6 3. Bg5 Bb4+ 4. Nc3 c5 5. Bxf6 Qxf6 6. e3 Nc6 7. Nf3 O-O 8. Be2 d5 9. cxd5 cxd4 10. Nxd4 Nxd4 11. Qxd4 Qxd4 12. exd4 Rd8 13. O-O b6 14. a3 Bxc3 15. bxc3 exd5 16. Bd3 Be6 17. Ba6 Bc8 18. Bd3 Be6 19. Ba6 1/2-1/2

[Event "Muensterland Verbandsklasse 2526"]
[Site "Germany"]
[Date "2025.09.13"]
[Round "1"]
[Board "8"]
[White "Bruins, Ludwig"]
[Black "Zoelzer, Timo"]
[Result "1/2-1/2"]
[WhiteElo "1618"]
[BlackElo "1408"]
[WhiteFideId "-1"]
[BlackFideId "-1"]
[PlyCount "64"]
[GameId "2223846287041854"]
[EventDate "2025.??.??"]
[EventType "team-tourn"]
[EventRounds "9"]
[EventCountry "GER"]
[SourceTitle "Verband Muensterland"]
[SourceDate "2026.01.17"]
[SourceVersion "1"]
[SourceVersionDate "2026.01.17"]
[SourceQuality "1"]
[WhiteTeam "Billerbeck"]
[BlackTeam "Nordkirchen"]
[WhiteTeamCountry "GER"]
[BlackTeamCountry "GER"]

1. d4 Nf6 2. c4 e6 3. Nf3 d5 4. Nc3 Bb4 5. e3 Ne4 6. Qc2 Nd7 7. Bd3 Bxc3+ 8. bxc3 Ndf6 9. O-O O-O 10. h3 b6 11. cxd5 exd5 12. Ne5 c5 13. a4 c4 14. Bxe4 Nxe4 15. f3 Ng3 16. Re1 Qh4 17. e4 Nxe4 18. Ba3 Ng3 19. Bxf8 Kxf8 20. Qf2 Qg5 21. f4 Qh4 22. Kh2 Nf5 23. Qxh4 Nxh4 24. Kg3 Nf5+ 25. Kf3 Nd6 26. Ra3 Bf5 27. g4 Bc2 28. a5 b5 29. Nc6 Ne4 30. Kg2 Bb3 31. Re3 f6 32. Nb4 Rd8 1/2-1/2

[Event "Muensterland Verbandsklasse 2526"]
[Site "Germany"]
[Date "2025.09.13"]
[Round "1"]
[Board "1"]
[White "Pinno, Gregor"]
[Black "Pohl, Tim"]
[Result "1-0"]
[WhiteElo "1976"]
[BlackElo "1945"]
[WhiteFideId "-1"]
[BlackFideId "-1"]
[PlyCount "83"]
[GameId "2095106920076468"]
[EventDate "2025.??.??"]
[EventType "team-tourn"]
[EventRounds "9"]
[EventCountry "GER"]
[SourceTitle "Verband Muensterland"]
[SourceDate "2026.01.17"]
[SourceVersion "1"]
[SourceVersionDate "2026.01.17"]
[SourceQuality "1"]
[WhiteTeam "Olfen"]
[BlackTeam "Telgte"]
[WhiteTeamCountry "GER"]
[BlackTeamCountry "GER"]

1. Nf3 d5 2. g3 c5 3. Bg2 Nc6 4. O-O Nf6 5. d3 h6 6. Nbd2 e5 7. e4 dxe4 8. dxe4 Be6 9. c3 Be7 10. Qe2 Qc7 11. Nc4 Rd8 12. Ne1 g5 13. Nc2 Bg4 14. Bf3 Bh3 15. Re1 Bf8 16. N2e3 Bg7 17. Nd5 Qc8 18. Be3 b6 19. a4 O-O 20. Ncxb6 axb6 21. Nxb6 Qe6 22. Bxc5 Rfe8 23. Nd5 Nxd5 24. exd5 Rxd5 25. b4 e4 26. Qa2 Qf5 27. Re3 Ne5 28. Bxe4 Nf3+ 29. Bxf3 Rxe3 30. Bxd5 Bxc3 31. Bxe3 Bxa1 32. a5 Bc3 33. Bg2 Bxg2 34. Kxg2 g4 35. Qe2 Bxb4 36. a6 h5 37. a7 Qd5+ 38. Kg1 Bd6 39. Bd4 Qc6 40. Qd2 Be7 41. Qc3 Qa8 42. Qc7 1-0

[Event "Muensterland Verbandsklasse 2526"]
[Site "Germany"]
[Date "2025.09.13"]
[Round "1"]
[Board "2"]
[White "Pohl, Detlev"]
[Black "Limberg, Thomas"]
[Result "0-1"]
[WhiteElo "1859"]
[BlackElo "1815"]
[WhiteFideId "-1"]
[BlackFideId "-1"]
[PlyCount "110"]
[GameId "2095107169440957"]
[EventDate "2025.??.??"]
[EventType "team-tourn"]
[EventRounds "9"]
[EventCountry "GER"]
[SourceTitle "Verband Muensterland"]
[SourceDate "2026.01.17"]
[SourceVersion "1"]
[SourceVersionDate "2026.01.17"]
[SourceQuality "1"]
[WhiteTeam "Telgte"]
[BlackTeam "Olfen"]
[WhiteTeamCountry "GER"]
[BlackTeamCountry "GER"]

1. Nf3 Nf6 2. g3 d5 3. Bg2 g6 4. O-O Bg7 5. c4 O-O 6. cxd5 Nxd5 7. Nc3 c5 8. Qb3 Nf6 9. Ne5 Qc7 10. f4 Nc6 11. Nxc6 bxc6 12. Qc4 Qd6 13. e3 Be6 14. Qa6 Bd5 15. Nxd5 cxd5 16. Qxd6 exd6 17. b4 cxb4 18. Bb2 Ne4 19. Bxg7 Kxg7 20. Rfb1 Rab8 21. Rb2 Rb6 22. Rab1 Rfb8 23. Kf1 a5 24. Ke1 Kf6 25. Bf3 Ke6 26. Bg4+ f5 27. Bd1 h5 28. a3 bxa3 29. Rxb6 Rxb6 30. Ra1 Rb2 31. Rxa3 Rxd2 32. Be2 Rb2 33. Bd3 Rxh2 34. Bxe4 dxe4 35. Kf1 h4 36. gxh4 Rxh4 37. Rxa5 Rg4 38. Ra8 g5 39. fxg5 Rxg5 40. Re8+ Kf7 41. Rd8 Ke7 42. Ra8 Rg3 43. Kf2 Rf3+ 44. Ke2 Ke6 45. Re8+ Kd5 46. Rf8 f4 47. exf4 Kd4 48. f5 Ra3 49. Rh8 Ra2+ 50. Kd1 Kd3 51. Kc1 d5 52. Rb8 Rc2+ 53. Kd1 Rf2 54. Ke1 Rxf5 55. Rb3+ Kd4 0-1

[Event "Muensterland Verbandsklasse 2526"]
[Site "Germany"]
[Date "2025.09.13"]
[Round "1"]
[Board "3"]
[White "Preuss, Richard"]
[Black "Almohammad, Abbas"]
[Result "0-1"]
[WhiteElo "1798"]
[BlackElo "1770"]
[WhiteFideId "-1"]
[BlackFideId "-1"]
[PlyCount "50"]
[GameId "2095107233178822"]
[EventDate "2025.??.??"]
[EventType "team-tourn"]
[EventRounds "9"]
[EventCountry "GER"]
[SourceTitle "Verband Muensterland"]
[SourceDate "2026.01.17"]
[SourceVersion "1"]
[SourceVersionDate "2026.01.17"]
[SourceQuality "1"]
[WhiteTeam "Olfen"]
[BlackTeam "Telgte"]
[WhiteTeamCountry "GER"]
[BlackTeamCountry "GER"]

1. e4 c5 2. Nf3 d6 3. d4 cxd4 4. Nxd4 a6 5. Be2 Nf6 6. Nc3 e5 7. Nb3 Be6 8. Be3 Be7 9. O-O Nbd7 10. Qd2 b5 11. a3 O-O 12. Rad1 Qc7 13. f4 exf4 14. Bxf4 Ne5 15. Nd4 Nc4 16. Nxe6 fxe6 17. Bxc4 Qxc4 18. Bxd6 Bxd6 19. Qxd6 Nxe4 20. Nxe4 Qxe4 21. Rde1 Qxc2 22. Qxe6+ Kh8 23. b4 Qd3 24. Rxf8+ Rxf8 25. Qxa6 Qd2 0-1